Normal view
MARC view
Entry Personal Name
001 - CONTROL NUMBER
- control field: 255928
003 - CONTROL NUMBER IDENTIFIER
- control field: OSt
005 - DATE AND TIME OF LATEST TRANSACTION
- control field: 20260219124806.0
008 - FIXED-LENGTH DATA ELEMENTS
- fixed length control field: 260219|| aca||aabn | a|a d
040 ## - CATALOGING SOURCE
- Original cataloging agency: OSt
- Transcribing agency: OSt
100 ## - HEADING--PERSONAL NAME
- Personal name: SHASTRI (P K V)
- Dates associated with a name: शास्त्री (पीकेवी)
670 ## - SOURCE DATA FOUND
- Source citation: Work cat.: (OSt)140976: SHASTRI (P K V) शास्त्री (पीकेवी), Vrajabhasha ka vyakaran, 1943